|
|
|
|
| LEADER |
00000nam0a2200000 4500 |
| 001 |
302869 |
| 005 |
20231102001539.0 |
| 020 |
|
|
|a RU
|b 83-22895
|
| 035 |
|
|
|a (RuTPU)RU\TPU\book\328086
|
| 090 |
|
|
|a 302869
|
| 100 |
|
|
|a 20150827d1983 km y0rusy5003 ca
|
| 101 |
0 |
|
|a rus
|
| 102 |
|
|
|a RU
|
| 105 |
|
|
|a a z 001zy
|
| 200 |
1 |
|
|a Динамика аппаратов с двухканальным управлением
|f В. К. Святодух, П. М. Чернявский
|
| 210 |
|
|
|a Москва
|c Машиностроение
|d 1983
|
| 215 |
|
|
|a 159 с.
|c ил.
|
| 320 |
|
|
|a Библиогр.: с. 155-157
|
| 606 |
1 |
|
|a Летательные аппараты
|x Аэродинамика
|2 stltpush
|3 (RuTPU)RU\TPU\subj\40063
|9 59938
|
| 610 |
1 |
|
|a двухканальное управление
|
| 610 |
1 |
|
|a математические модели
|
| 610 |
1 |
|
|a аэродинамические силы
|
| 610 |
1 |
|
|a коэффициенты
|
| 610 |
1 |
|
|a уравнение движения
|
| 610 |
1 |
|
|a балансировка
|
| 610 |
1 |
|
|a балансировка
|
| 610 |
1 |
|
|a балансировочная аппаратура
|
| 610 |
1 |
|
|a малые возмущения
|
| 610 |
1 |
|
|a контурная динамика
|
| 610 |
1 |
|
|a нелинейное движение
|
| 610 |
1 |
|
|a крен
|
| 675 |
|
|
|a 629.73.015.3
|z rus
|v 3
|
| 700 |
|
1 |
|a Святодух
|b В. К.
|g Виктор Константинович
|4 070
|
| 701 |
|
1 |
|a Чернявский
|b П. М.
|g Петр Михайлович
|4 070
|
| 801 |
|
0 |
|a RU
|b RuMRKP
|c 19950704
|g psbo
|
| 801 |
|
1 |
|a RU
|b 63413507
|c 20150827
|
| 801 |
|
2 |
|a RU
|b 63413507
|c 20230216
|g RCR
|
| 942 |
|
|
|c BK
|